000 00616nam a22001937a 4500
005 20130913124105.0
010 _aENG-108240
020 _a9788192306438
_c2150.00
035 _aEN-91773
037 _bDBAD/PUB
082 _a327.54073
100 _aSyed, Muzaffar H.
245 _aIndo-US relations /
_cby Muzaffar H. Syed
260 _aNew Delhi
_bOrange Books International
_c2012
270 _a113A, Prakasha Scout, Ansari Road, Daryaganj
_bNew Delhi
_e110002
300 _axii,276p.
_c22cm(Hb)
500 _aIncludes bibliographical references and index
942 _2ddc
_cEN
_mSYE
_h327.54073
999 _c78218
_d78218